[Event "XIX Torneo di Capodanno"]
[Site "Reggio nell'Emilia ITA"]
[Date "1977.01.02"]
[Round "7"]
[White "Haik, Aldo"]
[Black "Toth, Bela"]
[Result "0-1"]
[WhiteElo "2325"]
[BlackElo "2405"]
[PlyCount "118"]
[EventDate "1976.12.27"]

1. d4 Nf6 2. c4 e6 3. Nc3 Bb4 4. g3 Ne4 5. Qd3 Nxc3 6. bxc3 Be7 7. Bg2 Nc6 8.
Nf3 b6 9. d5 Na5 10. dxe6 dxe6 11. Nd4 Bb7 12. Bxb7 Nxb7 13. Qf3 Na5 14. Nc6
Nxc6 15. Qxc6+ Kf8 16. Bf4 Bd6 17. Rd1 Ke7 18. e4 Qe8 19. Bxd6+ cxd6 20. Qxd6+
Kf6 21. f4 g6 22. Qe5+ Ke7 23. f5 gxf5 24. exf5 Qc6 25. f6+ Ke8 26. Rf1 Rg8 27.
Rd6 Qxc4 28. Rf4 Qc5 29. Qxc5 bxc5 30. Rc6 Rg5 31. Rc7 h6 32. Kf2 a5 33. Kg2
Kf8 34. Rc4 Rf5 35. R7xc5 Rxf6 36. Ra4 Rb8 37. h4 Rb2+ 38. Kh3 Rff2 39. Kg4
Rxa2 40. Raxa5 Rae2 41. Ra4 Re3 42. Rf4 Rg2 43. Kh5 Rexg3 44. Rc8+ Ke7 45. Rc7+
Kd6 46. Rfxf7 Rg4 47. Rfd7+ Ke5 48. Rc5+ Kf6 49. Rh7 e5 50. Rxh6+ Kf5 51. Rb6
Rg8 52. Rc7 R8g5+ 53. Kh6 Rg6+ 54. Rxg6 Rxg6+ 55. Kh5 Rf6 56. c4 e4 57. Re7 Rf8
58. Kh6 Kf6 59. Rh7 e3 0-1

[Event "XIX Torneo di Capodanno"]
[Site "Reggio nell'Emilia ITA"]
[Date "1977.01.02"]
[Round "7"]
[White "Joksic, Sinisa"]
[Black "Kaikamdzozov, Jivko"]
[Result "0-1"]
[WhiteElo "2430"]
[BlackElo "2430"]
[PlyCount "116"]
[EventDate "1976.12.27"]

1. e4 d6 2. d4 g6 3. Nf3 Bg7 4. Be2 Nf6 5. Nc3 O-O 6. O-O Na6 7. h3 c5 8. Be3
b6 9. e5 Nd7 10. exd6 exd6 11. dxc5 dxc5 12. Qd5 Nc7 13. Qc6 Ne5 14. Nxe5 Bxe5
15. Rad1 Qe7 16. Bf3 Be6 17. Qa4 Rab8 18. Qxa7 Qh4 19. Rfe1 Bxc3 20. bxc3 Nb5
21. Qa6 Nxc3 22. Rd6 Bc4 23. Bg5 Qxf2+ 24. Kxf2 Bxa6 25. Bh6 Rfd8 26. Rxd8+
Rxd8 27. Re7 Bc4 28. a3 Nb5 29. a4 Nc3 30. Bc6 Bd5 31. Bxd5 Nxd5 32. Rb7 c4 33.
g4 f6 34. Kf3 Rd6 35. a5 bxa5 36. Rg7+ Kh8 37. Ra7 Kg8 38. Rxa5 Kf7 39. Ra7+
Ke6 40. Rxh7 g5 41. Bf8 Rd8 42. Bc5 Ke5 43. Ra7 Rh8 44. Bf2 Rxh3+ 45. Bg3+ Kd4
46. Ra5 Ne3 47. Kf2 Nxg4+ 48. Kg2 Rh8 49. Kf3 Ne5+ 50. Ke2 Re8 51. Bf2+ Ke4 52.
Rc5 f5 53. c3 Ra8 54. Bd4 Ra2+ 55. Kf1 Nf3 56. Bf6 Ke3 57. Bxg5+ Nxg5 58. Rxc4
Nf3 0-1

[Event "XIX Torneo di Capodanno"]
[Site "Reggio nell'Emilia ITA"]
[Date "1977.01.02"]
[Round "7"]
[White "Rosino, Antonio"]
[Black "Kuzmin, Gennadi P."]
[Result "0-1"]
[WhiteElo "2260"]
[BlackElo "2565"]
[PlyCount "142"]
[EventDate "1976.12.27"]

1. e4 c5 2. c3 e6 3. d4 d5 4. exd5 Qxd5 5. Nf3 Nc6 6. Be2 Nf6 7. O-O Be7 8.
dxc5 Qxc5 9. Be3 Qa5 10. b4 Qc7 11. Na3 O-O 12. Nb5 Qb8 13. Nbd4 Bd7 14. Nxc6
Bxc6 15. Bd4 Rd8 16. Ne5 Bd6 17. f4 Be4 18. a3 b6 19. Bf3 Qb7 20. Qe2 Bxf3 21.
Rxf3 Rac8 22. Re1 Bf8 23. Rh3 Qd5 24. g4 Qb3 25. Qf2 Bd6 26. Qh4 Kf8 27. g5
Bxe5 28. fxe5 Nd5 29. c4 Qxc4 30. Bc5+ Rxc5 31. bxc5 Qxc5+ 32. Kh1 Ne7 33. Qxh7
Ng6 34. Rhe3 Qc6+ 35. Kg1 Rd2 36. Qh3 Nh4 37. R1e2 Qc1+ 38. Kf2 Rd4 39. Re4
Rxe4 40. Rxe4 Qd2+ 41. Re2 Qf4+ 42. Kg1 Qxg5+ 43. Qg3 Qc1+ 44. Kf2 Nf5 45. Qf3
Kg8 46. Qa8+ Kh7 47. Qf3 g6 48. Qh3+ Kg7 49. Qd3 b5 50. Qf3 Qc5+ 51. Kf1 Qd4
52. Ke1 a5 53. Kf1 b4 54. axb4 axb4 55. Re1 Qc4+ 56. Qe2 Qc3 57. Rb1 b3 58. Qb2
Qd3+ 59. Kf2 Nd4 60. Re1 Qf5+ 61. Kg2 Nc2 62. Re2 Qg4+ 63. Kf2 Qf4+ 64. Kg1 Qf3
65. Rf2 Qg4+ 66. Rg2 Qd1+ 67. Kf2 Ne1 68. Rg3 Qc2+ 69. Qxc2 bxc2 70. Rc3 c1=Q
71. Rxc1 Nd3+ 0-1

[Event "XIX Torneo di Capodanno"]
[Site "Reggio nell'Emilia ITA"]
[Date "1977.01.03"]
[Round "8"]
[White "Akvist, Hakan"]
[Black "Bilek, Istvan"]
[Result "0-1"]
[WhiteElo "2325"]
[BlackElo "2435"]
[PlyCount "116"]
[EventDate "1976.12.27"]

1. e4 c5 2. Nf3 Nc6 3. d4 cxd4 4. Nxd4 Nf6 5. Nc3 e6 6. g3 Bc5 7. Be3 Qb6 8.
Na4 Qa5+ 9. c3 Bxd4 10. Bxd4 Nxd4 11. Qxd4 e5 12. Qc4 d6 13. b3 O-O 14. f3 Bd7
15. Nb2 b5 16. Qd3 Rac8 17. Nd1 d5 18. exd5 e4 19. fxe4 Nxe4 20. Bg2 Nc5 21.
Qc2 Rfe8+ 22. Kf1 Bg4 23. b4 Re2 24. Qxe2 Bxe2+ 25. Kxe2 Re8+ 26. Ne3 Qa4 27.
Kd2 Nd7 28. Rhe1 Ne5 29. Re2 Qa3 30. Nd1 f6 31. Ke1 a5 32. bxa5 b4 33. cxb4
Qxb4+ 34. Kf1 Qxa5 35. Nf2 Qa6 36. Rae1 Rd8 37. Kg1 Qc4 38. Rd2 Qc5 39. Kh1 Qc3
40. Red1 Nc4 41. Re2 Ne3 42. Rde1 Nxg2 43. Kxg2 Qc4 44. Kg1 Rxd5 45. Re8+ Kf7
46. R8e7+ Kg6 47. R1e4 Qc1+ 48. Kg2 h5 49. Re2 Rd2 50. Rxd2 Qxd2 51. Ra7 Qd5+
52. Kg1 Qc5 53. Ra6 Qb4 54. Ra7 Kh7 55. Kg2 Kh6 56. h4 Qc5 57. Ra6 Qd5+ 58. Kg1
Qf3 0-1

[Event "XIX Torneo di Capodanno"]
[Site "Reggio nell'Emilia ITA"]
[Date "1977.01.03"]
[Round "8"]
[White "Formanek, Edward W."]
[Black "Haik, Aldo"]
[Result "0-1"]
[WhiteElo "2430"]
[BlackElo "2325"]
[PlyCount "56"]
[EventDate "1976.12.27"]

1. e4 e5 2. Nf3 Nc6 3. Bb5 d6 4. d4 Bd7 5. Nc3 exd4 6. Nxd4 g6 7. O-O Bg7 8.
Bxc6 bxc6 9. Re1 Ne7 10. Bg5 O-O 11. Qd3 h6 12. Bh4 c5 13. Nde2 g5 14. Bg3 f5
15. exf5 Bxf5 16. Qd2 Qb8 17. Nd1 Qb7 18. c3 Nd5 19. c4 Nb4 20. Ne3 Bg6 21. f4
Qe4 22. fxg5 Rae8 23. Nd5 Nd3 24. Nxc7 Bd4+ 25. Kh1 Nxe1 26. Nf4 Rxf4 27. Bxf4
Nxg2 28. Qxg2 Qe1+ 0-1

[Event "XIX Torneo di Capodanno"]
[Site "Reggio nell'Emilia ITA"]
[Date "1977.01.03"]
[Round "8"]
[White "Kuzmin, Gennadi P."]
[Black "Toth, Bela"]
[Result "1-0"]
[WhiteElo "2565"]
[BlackElo "2405"]
[PlyCount "65"]
[EventDate "1976.12.27"]

1. d4 Nf6 2. c4 e6 3. Nc3 Bb4 4. e3 b6 5. Nge2 Ba6 6. a3 Bxc3+ 7. Nxc3 d5 8. b3
O-O 9. Be2 Nc6 10. a4 dxc4 11. Ba3 Re8 12. bxc4 Na5 13. Nb5 Qd7 14. O-O Red8
15. Qc2 Ne8 16. Bb2 c6 17. Na3 Qe7 18. Bd3 h6 19. e4 Qb4 20. Rfb1 Qb3 21. Qe2
Qxa4 22. Nc2 Qb3 23. Ra3 Bxc4 24. Rxb3 Bxb3 25. Bc3 Bxc2 26. Bxc2 Nb7 27. e5
Rac8 28. h4 b5 29. Ra1 a5 30. Bxa5 Nxa5 31. Rxa5 Rxd4 32. Ra7 Nc7 33. Qf3 1-0

[Event "XIX Torneo di Capodanno"]
[Site "Reggio nell'Emilia ITA"]
[Date "1977.01.04"]
[Round "9"]
[White "Bertok, Mario"]
[Black "Natalucci, Fabrizio"]
[Result "1-0"]
[WhiteElo "2425"]
[BlackElo "2280"]
[PlyCount "43"]
[EventDate "1976.12.27"]

1. c4 Nf6 2. Nc3 e6 3. Nf3 d5 4. d4 c6 5. e3 Nbd7 6. Bd3 Bd6 7. e4 dxe4 8. Nxe4
Nxe4 9. Bxe4 Bb4+ 10. Bd2 Bxd2+ 11. Qxd2 O-O 12. O-O c5 13. Rad1 Qf6 14. Ng5 g6
15. dxc5 Nxc5 16. b4 Nxe4 17. Nxe4 Qg7 18. f4 b6 19. Nd6 Rd8 20. Qe3 Rb8 21.
Nf5 Qf6 22. Qe5 1-0

[Event "XIX Torneo di Capodanno"]
[Site "Reggio nell'Emilia ITA"]
[Date "1977.01.04"]
[Round "9"]
[White "Bilek, Istvan"]
[Black "Kaikamdzozov, Jivko"]
[Result "1-0"]
[WhiteElo "2435"]
[BlackElo "2430"]
[PlyCount "71"]
[EventDate "1976.12.27"]

1. c4 e5 2. g3 g6 3. Bg2 Bg7 4. Nc3 d6 5. e3 Nc6 6. Nge2 Nge7 7. d3 Bd7 8. b3
Qc8 9. h3 O-O 10. Bb2 f5 11. Qd2 Nd8 12. f4 Nf7 13. O-O Kh8 14. Kh2 Be6 15.
Rad1 Rb8 16. d4 e4 17. d5 Bd7 18. g4 Ng8 19. g5 h5 20. h4 Kh7 21. Ng3 Qd8 22.
Bh3 Nh8 23. Qe2 Be8 24. Qc2 Qe7 25. Nce2 Bxb2 26. Qxb2 Qg7 27. Nd4 Ne7 28. Qc2
Bd7 29. Nxe4 fxe4 30. Bxd7 Nxd5 31. cxd5 Qxd7 32. Ne6 c6 33. Nxf8+ Rxf8 34.
dxc6 bxc6 35. Qxe4 Qg4 36. Qf3 1-0

[Event "XIX Torneo di Capodanno"]
[Site "Reggio nell'Emilia ITA"]
[Date "1977.01.04"]
[Round "9"]
[White "Haik, Aldo"]
[Black "Akvist, Hakan"]
[Result "1/2-1/2"]
[WhiteElo "2325"]
[BlackElo "2325"]
[PlyCount "101"]
[EventDate "1976.12.27"]

1. d4 Nf6 2. c4 g6 3. Nc3 d5 4. Nf3 Bg7 5. Bg5 c6 6. cxd5 cxd5 7. Qb3 e6 8. e4
dxe4 9. Bb5+ Bd7 10. Ne5 O-O 11. O-O Bxb5 12. Qxb5 Qb6 13. Bxf6 Bxf6 14. Qe2
Bg7 15. Rfd1 Rd8 16. Nxe4 Nc6 17. Nxc6 Qxc6 18. h4 Rd5 19. Rac1 Qb6 20. Nc3
Rxd4 21. Rxd4 Qxd4 22. g3 Rd8 23. Rd1 Qb6 24. Rxd8+ Qxd8 25. Ne4 Qd4 26. b3 a6
27. Kh2 h6 28. Kg2 f5 29. Nd2 e5 30. Nc4 e4 31. Ne3 Qd3 32. Qxd3 exd3 33. Kf1
h5 34. Ke1 Bc3+ 35. Kd1 Kf7 36. Nd5 Bd4 37. Ne3 f4 38. gxf4 Bf6 39. Ng2 Bc3 40.
f5 gxf5 41. Nf4 Bf6 42. Ng2 Ke6 43. Kd2 Kd5 44. Kxd3 Kc5 45. Nf4 Bxh4 46. f3
Kb4 47. Kc2 Ka3 48. Kb1 Bg3 49. Nxh5 Be5 50. f4 Bc7 51. Ng3 1/2-1/2

[Event "XIX Torneo di Capodanno"]
[Site "Reggio nell'Emilia ITA"]
[Date "1977.01.04"]
[Round "9"]
[White "Joksic, Sinisa"]
[Black "Rosino, Antonio"]
[Result "1-0"]
[WhiteElo "2430"]
[BlackElo "2260"]
[PlyCount "81"]
[EventDate "1976.12.27"]

1. Nf3 Nf6 2. g3 g6 3. Bg2 Bg7 4. O-O d5 5. d4 O-O 6. c4 dxc4 7. Na3 Nc6 8.
Nxc4 Be6 9. Nce5 Bd5 10. Bf4 Nh5 11. Nxc6 Bxc6 12. Be3 Qd6 13. Qd2 Rfd8 14.
Rfd1 Be4 15. Rac1 c6 16. h3 Rd7 17. b4 a5 18. bxa5 Qc7 19. g4 Nf6 20. Ne5 Rdd8
21. Nc4 Bxg2 22. Bf4 Qd7 23. Kxg2 Qe6 24. f3 h5 25. Nb6 hxg4 26. Nxa8 gxh3+ 27.
Kh2 Rxa8 28. e4 Nh5 29. Bc7 Kh7 30. Rc5 Bh6 31. Qf2 Nf4 32. Kh1 Rh8 33. Qh2 Ng2
34. d5 cxd5 35. Rdxd5 f6 36. Bg3 Kg7 37. Rc7 Kf7 38. Qg1 Qa6 39. Rxe7+ Kxe7 40.
Qc5+ Kf7 41. Rd7+ 1-0

[Event "XIX Torneo di Capodanno"]
[Site "Reggio nell'Emilia ITA"]
[Date "1977.01.04"]
[Round "9"]
[White "Toth, Bela"]
[Black "Formanek, Edward W."]
[Result "1-0"]
[WhiteElo "2405"]
[BlackElo "2430"]
[PlyCount "59"]
[EventDate "1976.12.27"]

1. d4 g6 2. c4 Bg7 3. Nc3 d6 4. Nf3 c6 5. e4 e5 6. Be2 Ne7 7. O-O O-O 8. Be3
Nd7 9. Qd2 f5 10. dxe5 dxe5 11. Rad1 Qe8 12. Bg5 Kh8 13. Qd6 Ng8 14. Bc1 h6 15.
exf5 gxf5 16. Rfe1 e4 17. Nh4 Kh7 18. Qg3 Ndf6 19. Rd6 Ne7 20. Red1 Nh5 21. Qe3
Nf6 22. f3 exf3 23. Bxf3 Ng6 24. Qf2 Ne5 25. Re1 Qe7 26. Rdd1 Nfg4 27. Bxg4
fxg4 28. Qc2+ Kg8 29. Ng6 Qf7 30. Nxe5 1-0

[Event "XIX Torneo di Capodanno"]
[Site "Reggio nell'Emilia ITA"]
[Date "1977.01.05"]
[Round "10"]
[White "Akvist, Hakan"]
[Black "Toth, Bela"]
[Result "0-1"]
[WhiteElo "2325"]
[BlackElo "2405"]
[PlyCount "46"]
[EventDate "1976.12.27"]

1. e4 e5 2. Nf3 Nf6 3. d4 Nxe4 4. Bd3 d5 5. Nxe5 Bd6 6. O-O O-O 7. c4 Bxe5 8.
dxe5 Nc6 9. Bf4 Nb4 10. Na3 Bf5 11. cxd5 Nxf2 12. Rxf2 Nxd3 13. Rf3 Qxd5 14.
Bg3 Bg6 15. Qd2 Rad8 16. Qc3 b5 17. Nc2 c5 18. Ne3 Qe4 19. Nf1 b4 20. Qb3 Qd4+
21. Re3 c4 22. Qa4 Qxb2 23. Rd1 Nc5 0-1

[Event "XIX Torneo di Capodanno"]
[Site "Reggio nell'Emilia ITA"]
[Date "1977.01.05"]
[Round "10"]
[White "Kaikamdzozov, Jivko"]
[Black "Haik, Aldo"]
[Result "0-1"]
[WhiteElo "2430"]
[BlackElo "2325"]
[PlyCount "70"]
[EventDate "1976.12.27"]

1. d4 Nf6 2. Nf3 b6 3. Bf4 Bb7 4. e3 g6 5. Nbd2 Bg7 6. Bd3 O-O 7. Qe2 d6 8. e4
c5 9. c3 cxd4 10. cxd4 Nc6 11. a3 e5 12. dxe5 dxe5 13. Bg5 h6 14. Bxf6 Qxf6 15.
O-O Rad8 16. Rfd1 h5 17. Ba6 Ba8 18. Nb3 Nd4 19. Nbxd4 exd4 20. Bd3 Rfe8 21.
Re1 Re7 22. Nd2 Bh6 23. g3 Bxd2 24. Qxd2 Rde8 25. Qe2 Bxe4 26. Bxe4 Rxe4 27.
Qxe4 Rxe4 28. Rxe4 d3 29. Ree1 Qxb2 30. h4 d2 31. Reb1 Qc2 32. Kg2 Qe4+ 33. Kf1
Qd3+ 34. Kg2 Qe2 35. Kg1 Kg7 0-1

[Event "XIX Torneo di Capodanno"]
[Site "Reggio nell'Emilia ITA"]
[Date "1977.01.05"]
[Round "10"]
[White "Kuzmin, Gennadi P."]
[Black "Formanek, Edward W."]
[Result "1-0"]
[WhiteElo "2565"]
[BlackElo "2430"]
[PlyCount "97"]
[EventDate "1976.12.27"]

1. e4 c5 2. Nf3 d6 3. Bb5+ Bd7 4. Bxd7+ Qxd7 5. O-O g6 6. c3 Bg7 7. d4 cxd4 8.
cxd4 Nf6 9. Nc3 O-O 10. h3 Nc6 11. Be3 d5 12. Ne5 Qd6 13. Nxc6 Qxc6 14. e5 Nd7
15. Rc1 Rac8 16. Qb3 Nb6 17. Nb5 Qe6 18. Nxa7 Rxc1 19. Bxc1 f6 20. exf6 Bxf6
21. Nb5 Nc4 22. Qd1 Qc6 23. a4 Kg7 24. Qg4 Nd6 25. Nxd6 Qxd6 26. Bg5 Rf7 27.
Bxf6+ exf6 28. Qf3 Qc6 29. a5 Rc7 30. Re1 Qd6 31. Qb3 h5 32. h4 Rd7 33. Qb5 Kf7
34. g3 Kg7 35. Re8 Rc7 36. Kg2 Qd7 37. Qxd7+ Rxd7 38. b4 Kf7 39. Rc8 Ke6 40. b5
Kd6 41. Rg8 Rc7 42. Rxg6 Ke6 43. Rh6 Rc4 44. Rh7 Ra4 45. Rxb7 Rxa5 46. b6 Rb5
47. Rb8 Kd7 48. g4 hxg4 49. h5 1-0

[Event "XIX Torneo di Capodanno"]
[Site "Reggio nell'Emilia ITA"]
[Date "1977.01.05"]
[Round "10"]
[White "Natalucci, Fabrizio"]
[Black "Bilek, Istvan"]
[Result "1/2-1/2"]
[WhiteElo "2280"]
[BlackElo "2435"]
[PlyCount "23"]
[EventDate "1976.12.27"]

1. e4 g6 2. d4 Bg7 3. Nc3 d6 4. Be3 a6 5. Be2 b5 6. h4 Bb7 7. f3 Nf6 8. Nh3
Nbd7 9. Qd2 h6 10. Nf2 e6 11. O-O-O Nb6 12. g4 1/2-1/2

[Event "XIX Torneo di Capodanno"]
[Site "Reggio nell'Emilia ITA"]
[Date "1977.01.05"]
[Round "10"]
[White "Rosino, Antonio"]
[Black "Bertok, Mario"]
[Result "0-1"]
[WhiteElo "2260"]
[BlackElo "2425"]
[PlyCount "64"]
[EventDate "1976.12.27"]

1. e4 c5 2. Nf3 Nc6 3. d4 cxd4 4. Nxd4 Nf6 5. Nc3 d6 6. Bg5 Bd7 7. Qd2 a6 8.
O-O-O e6 9. f4 b5 10. Bxb5 axb5 11. Ndxb5 Nb4 12. a3 Na2+ 13. Nxa2 Bxb5 14. e5
dxe5 15. Qxd8+ Rxd8 16. Rxd8+ Kxd8 17. fxe5 h6 18. Bh4 g5 19. Bf2 Ng4 20. Bd4
Bg7 21. Re1 Nxh2 22. b3 h5 23. c4 Bc6 24. Re2 h4 25. b4 h3 26. gxh3 Nf3 27. Bc3
Rxh3 28. b5 Ba8 29. c5 g4 30. c6 g3 31. Ba5+ Kc8 32. Nb4 Rh1+ 0-1

[Event "XIX Torneo di Capodanno"]
[Site "Reggio nell'Emilia ITA"]
[Date "1977.01.06"]
[Round "11"]
[White "Bilek, Istvan"]
[Black "Rosino, Antonio"]
[Result "1/2-1/2"]
[WhiteElo "2435"]
[BlackElo "2260"]
[PlyCount "26"]
[EventDate "1976.12.27"]

1. g3 d5 2. Bg2 e5 3. c4 c6 4. cxd5 cxd5 5. d4 e4 6. Nc3 Nc6 7. f3 exf3 8. Nxf3
Nf6 9. O-O Be7 10. Ne5 O-O 11. Kh1 Be6 12. Bf4 Rc8 13. Rc1 Re8 1/2-1/2

[Event "XIX Torneo di Capodanno"]
[Site "Reggio nell'Emilia ITA"]
[Date "1977.01.06"]
[Round "11"]
[White "Formanek, Edward W."]
[Black "Akvist, Hakan"]
[Result "1-0"]
[WhiteElo "2430"]
[BlackElo "2325"]
[PlyCount "63"]
[EventDate "1976.12.27"]

1. e4 e6 2. d4 d5 3. Nc3 Nf6 4. e5 Nfd7 5. Nce2 c5 6. c3 b5 7. f4 Nc6 8. Nf3 b4
9. g4 Ba6 10. Kf2 Be7 11. Ng3 Bxf1 12. Rxf1 Qa5 13. Bd2 Nb6 14. Kg2 Nc4 15.
cxb4 cxb4 16. b3 Na3 17. f5 Nb5 18. Be3 Kd7 19. Qd3 Rac8 20. f6 gxf6 21. exf6
Bd6 22. Bh6 Rhg8 23. Qxh7 Ncxd4 24. Qxf7+ Kc6 25. Rac1+ Kb6 26. Nxd4 Nxd4 27.
Be3 e5 28. Qe6 Rxc1 29. Qxd6+ Rc6 30. Qxe5 Rc2+ 31. Rf2 Rxf2+ 32. Bxf2 1-0

[Event "XIX Torneo di Capodanno"]
[Site "Reggio nell'Emilia ITA"]
[Date "1977.01.06"]
[Round "11"]
[White "Joksic, Sinisa"]
[Black "Kuzmin, Gennadi P."]
[Result "1/2-1/2"]
[WhiteElo "2430"]
[BlackElo "2565"]
[PlyCount "26"]
[EventDate "1976.12.27"]

1. e4 e5 2. Nf3 Nc6 3. Bb5 a6 4. Ba4 Nf6 5. O-O Be7 6. Re1 b5 7. Bb3 d6 8. c3
O-O 9. h3 Na5 10. Bc2 c5 11. d4 Qc7 12. Nbd2 cxd4 13. cxd4 Nc6 1/2-1/2

[Event "XIX Torneo di Capodanno"]
[Site "Reggio nell'Emilia ITA"]
[Date "1977.01.06"]
[Round "11"]
[White "Toth, Bela"]
[Black "Kaikamdzozov, Jivko"]
[Result "1-0"]
[WhiteElo "2405"]
[BlackElo "2430"]
[PlyCount "73"]
[EventDate "1976.12.27"]

1. d4 g6 2. c4 Bg7 3. Nc3 d6 4. Nf3 Nf6 5. e4 O-O 6. Be2 Bg4 7. Be3 Nfd7 8. Rc1
e5 9. d5 f5 10. Ng5 f4 11. Bxg4 Qxg5 12. h4 Qe7 13. Bd2 Nc5 14. Qf3 a5 15. h5
g5 16. Ke2 Nbd7 17. Qh3 Bh6 18. f3 Nf6 19. Bf5 Kh8 20. Be1 c6 21. Bf2 cxd5 22.
Bxc5 dxc5 23. exd5 b5 24. cxb5 c4 25. Rcd1 Qc5 26. Rd2 g4 27. Bxg4 e4 28. Be6
Rg8 29. Bxg8 Rxg8 30. d6 exf3+ 31. gxf3 Rd8 32. Qe6 Re8 33. Qxe8+ Nxe8 34. d7
Qe3+ 35. Kd1 Bg5 36. Re1 Qxf3+ 37. Kc2 1-0